00950nam a2200241 a 4500008004100000020003000041040001500071245007400086260005400160300004800214336002600262337002800288338002700316500002000343504004100363650005700404650007100461650007500532650004700607700003600654003000100690005001700691  a9780123748522 (paperback) aNUSTcNUST10aThe handbook of global user research/cedited by Robert M Schumacher. aBurlington, MA (U.S.A) :bMorgan Kaufmann, c2010 axxxvi, 294 pages :billustrations ;c24 cm. atextbtxt2rdacontent aunmediatedbn2rdamedia avolumebnc2rdacarrier aIncludes index. aIncludes bibliographical references. 1aIndustrial designxResearchvHandbooks, manuals etc. aIndustrial designxPsychological aspectsvHandbooks, manuals, etc. aUser interfaces (Computer systems)xResearchvHandbooks, manuals, etc. aProject managementvHanbooks, manuals etc. aSchumacher, Robert M.,aeditor.20230123141234.0